00320nam a2200121Ia 450000500170000000800410001708200130005810000200007124500290009126000410012030000120016165000250017320250522013104.0240331s9999 xx 000 0 und d a301bSEN aSenthivel, C.K. 0aManitarum samuka vaalvum aNeervelibThayagam Pathippagamc1994 a80 p ., aSocial History notes